| 000 | 00441cam a2200145ua 4500 | ||
|---|---|---|---|
| 041 |
_amal _h |
||
| 082 |
_a894.8121 _bKUN/BH |
||
| 100 | _aKunhukuttan, Thampuran. | ||
| 245 |
_aBhashabharatham: Karna-Shaliya-Souptika-Sthree parvangal, Vol.5 / _cKunhukuttan Thampuran. _hTextual Documents |
||
| 260 |
_aThrissur : _bVallathole Printing and Publishing House , _c1956. |
||
| 300 | _a720 ; . | ||
| 504 | _a | ||
| 942 | _cBK | ||
| 999 |
_c6514 _d6514 |
||